000 00334nam a22001457a 4500
003 SGT
020 _a1-8615-2179-0
082 _a658
_bE00C
100 _aCULLON, PETER
245 _aECONOMICS FOR HOSPITALITY MANAGEMENT
260 _aNEW DELHI
_bTHOMSON PRESS
_c2000
300 _a244
650 _aHOTEL MANAGEMENT
942 _2ddc
_cBK
999 _c12983
_d12983